000 00455nam a22001817a 4500
999 _c170730
_d170730
005 20191224113858.0
010 _aA-645049
020 _c50.00
035 _aA-645049
037 _bBPPD/Pub.
082 _a840
245 _aنیا دور سہماہی
246 _aNaya Daur (Urdu)
260 _aKarachi
_bPakistan Cultural Society
_c199?
270 _a-
_b-
_e-
300 _a418 ص
_c21cm(Hb)
942 _2ddc
_cUR
_h840
_mن ی ا